000 00836nam a2200277Ia 4500
003 OSt
005 20220208150944.0
008 210716s1998 xx 000 0 und d
020 _a 0073526916
040 _cAIMIT LIBRARY
041 _aeng
082 _a657.48
_28
_bBAKR
100 _aBaker, Richard E.
_918005
245 _aAdvanced financial accounting /
_cBy Richard E. Baker…[et al.]
250 _a8th ed.
260 _aUSA :
_bMcGraw Hill ,
_c1998
300 _axxvi, 1058p.
_c28 cm
650 _aFinancial Accounting
_918006
650 _aInventory and Transactions
_918007
650 _aIntercompany Indebtness
_918008
650 _aOwnership Issues
_918009
700 _aLembke, Valdean E.
_918010
700 _aKing, Thomas E.
_918011
700 _aJeffrey, Cynthia G.
_918012
942 _2ddc
_cBK
_e8th
_k657.48 BAKR
999 _c201347
_d201347